[Event "Titled Tue 4th Feb Early"]
[Site "chess.com INT"]
[Date "2025.02.04"]
[Round "7"]
[White "Drozdowski,K"]
[Black "Nakamura,Hi"]
[Result "0-1"]
[WhiteElo "2450"]
[BlackElo "2802"]

1.e4 g6 2.d4 c6 3.Nc3 d5 4.Nf3 Bg4 5.h3 Bxf3 6.Qxf3 e6 7.g4 Bg7 8.Be3 Nd7
9.O-O-O Qa5 10.Kb1 Ngf6 11.h4 dxe4 12.Nxe4 Nxe4 13.Qxe4 Qd5 14.Bg2 Nf6 15.Qxd5 exd5
16.f3 O-O 17.h5 Rfe8 18.Rde1 Nd7 19.c3 Bf8 20.hxg6 hxg6 21.Kc2 Bd6 22.Bf2 Nf8
23.Rxe8 Rxe8 24.Re1 Ne6 25.Bf1 Kg7 26.Bg2 a5 27.a4 Rc8 28.Be3 Bg3 29.Rh1 Re8
30.Bf1 Bf4 31.Bxf4 Nxf4 32.Kd2 Ne6 33.Be2 Kf6 34.Rh7 b6 35.Rh1 Kg5 36.Rh7 Kf6
37.Rh1 Rd8 38.Rh7 c5 39.dxc5 bxc5 40.Rh1 Kg5 41.Rh7 Rf8 42.Ke3 Kf6 43.Rh1 Re8
44.Kd2 Rb8 45.Kc2 c4 46.Rd1 Nf4 47.Bf1 Rh8 48.Rd2 Rh1 49.Rf2 Kg5 50.b3 Kh4
51.bxc4 Kg3 52.Rd2 Rxf1 53.cxd5 Rf2 54.d6 Kxf3 55.d7 Ne6 56.Rxf2+ Kxf2 57.c4 Ke3
58.c5 Ke4 59.c6 Nd4+ 60.Kc3 Nxc6 61.Kc4 Ne5+  0-1

[Event "Titled Tue 4th Feb Early"]
[Site "chess.com INT"]
[Date "2025.02.04"]
[Round "8"]
[White "Nakamura,Hi"]
[Black "Yoo,Christopher Woojin"]
[Result "1/2-1/2"]
[WhiteElo "2802"]
[BlackElo "2588"]

1.b3 e5 2.Bb2 Nc6 3.e3 Nge7 4.c4 g6 5.g3 Bg7 6.Bg2 d5 7.cxd5 Nxd5 8.a3 Be6
9.Ne2 Qd7 10.h3 O-O-O 11.Nbc3 Nxc3 12.Bxc3 Rhe8 13.Rc1 Bd5 14.O-O Bxg2 15.Kxg2 f5
16.b4 Qd3 17.Re1 Bh8 18.Qb3 Qd5+ 19.Qxd5 Rxd5 20.e4 Rdd8 21.Ng1 Nd4 22.Bxd4 Rxd4
23.Nf3 Rd3 24.Rc3 Rxc3 25.dxc3 Kd7 26.g4 fxe4 27.Ng5 h6 28.Nxe4 b6 29.a4 Ke6
30.Rd1 Bg7 31.Kf3 Bf8 32.Ke2 Be7 33.f3 Rf8 34.Ra1 Rf7 35.a5 b5 36.Rd1 Rf8
37.Rh1 Rf7 38.Rc1 Kd5 39.Rd1+ Ke6 40.Rd3 Rf4 41.Re3 Rf8 42.Kd1 Kd5 43.Rd3+ Ke6
44.Kc2 h5 45.Kb3 hxg4 46.hxg4 Rh8 47.c4 bxc4+ 48.Kxc4 Rh1 49.Nc3 Rc1 50.Kb5 c6+
51.Ka6 Bxb4 52.Na2 Rb1 53.Nxb4 Rxb4 54.Kxa7 c5 55.a6 c4 56.Rd8 c3 57.Ka8 Rb3
58.a7 e4 59.fxe4 Ke5 60.Rb8 c2 61.Rc8 Rb2 62.Rc4 Kf4 63.e5+ Kxe5 64.g5 Kf5
65.Rc5+ Kg4 66.Rc6 Kxg5 67.Rxg6+ Kxg6  1/2-1/2

[Event "Titled Tue 4th Feb Early"]
[Site "chess.com INT"]
[Date "2025.02.04"]
[Round "9"]
[White "Woodward,Andy"]
[Black "Nakamura,Hi"]
[Result "0-1"]
[WhiteElo "2544"]
[BlackElo "2802"]

1.d4 g6 2.e4 Bg7 3.Nc3 a6 4.g3 b5 5.Bg2 Bb7 6.a3 d6 7.Nge2 Nd7 8.O-O c5 9.Be3 Rc8
10.dxc5 Nxc5 11.Bd4 Bxd4 12.Nxd4 Nf6 13.Qd2 O-O 14.Rfe1 e5 15.Nb3 Na4 16.Nxa4 bxa4
17.Na5 Ba8 18.b4 axb3 19.cxb3 Qb6 20.Nc4 Qxb3 21.Qxd6 Rc6 22.Na5 Rxd6 23.Nxb3 Rc8
24.f4 Rd3 25.fxe5 Ng4 26.Rac1 Rxc1 27.Nxc1 Rxa3 28.e6 fxe6 29.Ne2 Bc6 30.Nd4 Bd7
31.Nf3 Kg7 32.Rc1 Kf6 33.h3 Ne5 34.Nd4 Rxg3 35.Kf2 Nd3+ 36.Kxg3 Nxc1 37.Nf3 e5
38.Bf1 Bb5 39.Bg2 a5 40.Kf2 a4 41.Nd2 a3 42.Nb3 Nxb3  0-1

[Event "Titled Tue 4th Feb Early"]
[Site "chess.com INT"]
[Date "2025.02.04"]
[Round "10"]
[White "Le,Quang Liem"]
[Black "Nakamura,Hi"]
[Result "1-0"]
[WhiteElo "2739"]
[BlackElo "2802"]

1.d4 g6 2.Nf3 Bg7 3.g3 d6 4.Bg2 Bd7 5.Nc3 Qc8 6.h3 c5 7.d5 b5 8.e4 b4 9.Ne2 a5
10.c3 Bb5 11.O-O Nd7 12.Re1 Ngf6 13.Nf4 bxc3 14.bxc3 O-O 15.Qc2 Ne8 16.Rb1 Bc4
17.Nd2 Ba6 18.c4 Ne5 19.Bb2 Rb8 20.Bc3 Ra8 21.Nd3 Nxc4 22.Bxg7 Na3 23.Qc1 Nxb1
24.Bxf8 Bxd3 25.Bxe7 Qc7 26.Bxd6 Nxd6 27.Nxb1 Bxb1 28.Qxb1 f6 29.Qa1 Rf8
30.e5 fxe5 31.Qxe5 c4 32.Rc1 Qc5 33.Qe3 Qxe3 34.fxe3 Kf7 35.e4 Kf6 36.Rf1+ Kg7
37.e5 Rxf1+ 38.Bxf1 Nf7 39.Bxc4 Nxe5 40.Be2 Nf7 41.Kf2 Kf6 42.Ke3 Ke5 43.Bf3 Nd6
44.Kd3 Nf5 45.g4 Nd6 46.Bg2 g5 47.Bf3 h6 48.Bg2 a4 49.Kc3 Kf4 50.Kd4 Kg3
51.Bf1 Kf2 52.Ke5 Nf7+ 53.Ke6 Nd8+ 54.Ke7 Nb7 55.Ba6 Nc5 56.d6 Kg3 57.d7 Nxd7
58.Kxd7 Kxh3 59.Be2 Kg3 60.Kc6 a3 61.Kc5 Kf2 62.Bc4 Kf3 63.Be6  1-0

[Event "Titled Tue 4th Feb Early"]
[Site "chess.com INT"]
[Date "2025.02.04"]
[Round "11"]
[White "Nakamura,Hi"]
[Black "Kevlishvili,Robby"]
[Result "1-0"]
[WhiteElo "2802"]
[BlackElo "2555"]

1.b3 e5 2.Bb2 Nc6 3.e3 Nf6 4.Bb5 Bd6 5.Na3 e4 6.Bxc6 bxc6 7.Nc4 Be7 8.f3 exf3
9.Qxf3 O-O 10.Ne2 Rb8 11.O-O Rb5 12.Nd4 Rg5 13.h4 Rh5 14.Nf5 Rxf5 15.Qxf5 d5
16.Qe5 dxc4 17.bxc4 Re8 18.d3 Ba3 19.Qd4 Bxb2 20.Qxb2 Ng4 21.Qd4 Qxh4 22.Qf4 f6
23.Rf3 Qh5 24.Rb1 Qe5 25.Rb8 Qxf4 26.Rxf4 Ne5 27.Ra8 a6 28.Ra7 Kf7 29.Rxc7+ Kg6
30.Rf1 Be6 31.Rb1 h5 32.Rbb7 Rg8 33.Kf2 h4 34.Re7 Bf5 35.e4 Bg4 36.Ke3 Bd1
37.Kd2 Bh5 38.Ra7 Kh6 39.Kc3 g6 40.Rxa6 Kg5 41.d4 Ng4 42.Rxc6 Kf4 43.d5 Ne5
44.Rxf6+ Kg5 45.Rf1 Ng4 46.Kd4 Ra8 47.d6  1-0

[Event "Titled Tue 11th Feb Early"]
[Site "chess.com INT"]
[Date "2025.02.11"]
[Round "1"]
[White "Rengifo Blancas,Renzo Jhonathan"]
[Black "Nakamura,Hi"]
[Result "0-1"]
[WhiteElo "2117"]
[BlackElo "2802"]

1.e4 g6 2.d4 c6 3.Nc3 d5 4.e5 a6 5.Nf3 Bg4 6.Be2 Bxf3 7.Bxf3 e6 8.O-O c5
9.Ne2 Nc6 10.c3 cxd4 11.cxd4 Qb6 12.b3 Rc8 13.Bb2 Nge7 14.Qd2 Nf5 15.Rfd1 h5
16.g3 Bh6 17.Qe1 Nb4 18.Qf1 Rc2 19.Ba3 Qa5 20.Bxb4 Qxb4 21.Nf4 Bxf4 22.gxf4 Nxd4
23.Qd3 Rd2 24.Rxd2 Qxd2 25.Qe3 Qxe3 26.fxe3 Nxf3+ 27.Kf2 Nh4 28.Rc1 Kd7  0-1

[Event "Titled Tue 11th Feb Early"]
[Site "chess.com INT"]
[Date "2025.02.11"]
[Round "2"]
[White "Nakamura,Hi"]
[Black "Karpenko,Anton"]
[Result "1-0"]
[WhiteElo "2802"]
[BlackElo "2207"]

1.b3 Nf6 2.Bb2 g6 3.Bxf6 exf6 4.e3 d5 5.d4 c6 6.Ne2 Bd6 7.c4 Be6 8.cxd5 Bxd5
9.Nbc3 Qa5 10.f3 f5 11.Kf2 Be6 12.h4 h5 13.a3 O-O 14.g3 Nd7 15.b4 Qc7 16.Nf4 Rae8
17.Rc1 Qb8 18.Bd3 Nf6 19.Qd2 Re7 20.Rhe1 Rfe8 21.Bb1 Bc4 22.Ba2 Bxa2 23.Qxa2 Qd8
24.Nxg6 Re6 25.Nf4 Bxf4 26.gxf4 Nd5 27.Rg1+ Kh8 28.Nxd5 Qxh4+ 29.Kf1 Qh3+
30.Kf2 Qh2+ 31.Rg2 Qh4+ 32.Kg1 cxd5 33.Rh2 Rg6+ 34.Kf1 Qg3 35.Rxh5+ Kg7 36.Qf2 Rxe3
37.Qxe3 Qg2+ 38.Ke1 Kf8 39.Rc8+ Kg7 40.Rg8+ Kxg8 41.Qe8+ Kg7 42.Qh8+  1-0

[Event "Titled Tue 11th Feb Early"]
[Site "chess.com INT"]
[Date "2025.02.11"]
[Round "3"]
[White "Safarov,Deniel"]
[Black "Nakamura,Hi"]
[Result "0-1"]
[WhiteElo "2308"]
[BlackElo "2802"]

1.e4 g6 2.d4 Bg7 3.Nc3 c6 4.Nf3 d5 5.h3 dxe4 6.Nxe4 Nf6 7.Nxf6+ exf6 8.Bc4 O-O
9.O-O Nd7 10.a3 b5 11.Ba2 Nb6 12.Re1 Re8 13.Bf4 Be6 14.Bxe6 fxe6 15.Qd2 a5
16.b3 g5 17.Bg3 a4 18.h4 g4 19.Nh2 f5 20.Be5 Qxh4 21.Bxg7 Kxg7 22.Qc3 Rac8
23.Re5 Qf6 24.Rae1 Nd7 25.R5e2 c5 26.Qa5 cxd4 27.Qxb5 Nf8 28.Qxa4 Red8 29.Qa6 Rc7
30.Nf1 Kf7 31.Ng3 Rd5 32.Nh5 Qh6 33.Qb6 Rcd7 34.Ng3 d3 35.cxd3 Qg6 36.a4 h5
37.a5 h4 38.Nf1 g3 39.fxg3 hxg3 40.Re3 f4 41.Rf3 e5 42.Qxg6+ Kxg6 43.Nd2 Rb7
44.Nc4 Nd7 45.a6 Ra7 46.Ra1 Kg5 47.b4 Rb5 48.Rff1 Rxb4 49.Rfe1 Rb5 50.d4 exd4
51.Re4 Rd5 52.Nd2 Ne5 53.Rxe5+ Rxe5 54.Nf3+ Kf6 55.Nxe5 Kxe5 56.Kf1 Ke4 57.Ke2 d3+
58.Kd2 f3 59.Ra4+ Kf5 60.gxf3 g2 61.Rg4 Rxa6 62.Kxd3 Rg6 63.Ke3 g1=Q+ 64.Ke2 Rxg4
65.fxg4+ Qxg4+  0-1

[Event "Titled Tue 11th Feb Early"]
[Site "chess.com INT"]
[Date "2025.02.11"]
[Round "4"]
[White "Nakamura,Hi"]
[Black "Akobian,V"]
[Result "1-0"]
[WhiteElo "2802"]
[BlackElo "2564"]

1.b3 d5 2.Bb2 Nf6 3.d3 c5 4.Nd2 Nc6 5.Ngf3 Bg4 6.h3 Bf5 7.g4 Bg6 8.Nh4 e6
9.e3 Be7 10.Bg2 Qc7 11.a3 O-O 12.O-O Nd7 13.Nxg6 hxg6 14.c4 Bf6 15.Bxf6 Nxf6
16.g5 Nd7 17.f4 Ne7 18.Qf3 Rfd8 19.Qf2 Nb6 20.Rac1 dxc4 21.dxc4 Nf5 22.Rfe1 Rd3
23.Be4 Rd7 24.Nf3 Rad8 25.h4 Nc8 26.Bc2 Nce7 27.Re2 Qa5 28.Qe1 Qc7 29.Kf2 a6
30.Qc3 b5 31.cxb5 axb5 32.Be4 Rc8 33.a4 bxa4 34.bxa4 Nd5 35.Qe5 Qxe5 36.Nxe5 Ra7
37.Bc2 Nb4 38.Bb3 Kf8 39.Rd2 Ke7 40.e4 Nd6 41.Ke3 Nc6 42.Nf3 c4 43.Bd1 Na5
44.Rc3 Rb8 45.Nd4 Rab7 46.Bc2 Rb2 47.h5 gxh5 48.e5 Nf5+ 49.Bxf5 Rxd2 50.Kxd2 exf5
51.Nxf5+ Kf8 52.Ra3 g6 53.Nd6 Rb3 54.Ra1 h4 55.Rh1 h3 56.Ne4 Rd3+ 57.Kc2 Nb3
58.Nd6 Nd4+ 59.Kc1 c3 60.Nb5  1-0

[Event "Titled Tue 11th Feb Early"]
[Site "chess.com INT"]
[Date "2025.02.11"]
[Round "5"]
[White "Pichot,A"]
[Black "Nakamura,Hi"]
[Result "1/2-1/2"]
[WhiteElo "2613"]
[BlackElo "2802"]

1.e4 g6 2.d4 c6 3.Nc3 d5 4.Nf3 Bg4 5.h3 Bxf3 6.Qxf3 e6 7.Bf4 Nd7 8.O-O-O Ngf6
9.g4 dxe4 10.Nxe4 Nxe4 11.Qxe4 Nf6 12.Qf3 Qd5 13.Qxd5 Nxd5 14.Bd2 Bd6 15.c4 Nf4
16.h4 h5 17.g5 O-O-O 18.Re1 f5 19.gxf6 Rhf8 20.Rg1 Rxf6 21.Re4 Rdf8 22.Kc2 Kd7
23.b4 Bc7 24.a4 a6 25.Rg5 Rf5 26.Rg3 R8f6 27.Rf3 Nd5 28.Rxf5 gxf5 29.Re1 Nf4
30.Bxf4 Bxf4 31.Be2 Bd6 32.c5 Be7 33.Rg1 Rh6 34.Rg7 Ke8 35.Rg8+ Bf8 36.Rg5 Be7
37.Rxh5 Rxh5 38.Bxh5+ Kd7  1/2-1/2

[Event "Titled Tue 11th Feb Early"]
[Site "chess.com INT"]
[Date "2025.02.11"]
[Round "6"]
[White "Nakamura,Hi"]
[Black "Gokerkan,Cem Kaan"]
[Result "1-0"]
[WhiteElo "2802"]
[BlackElo "2473"]

1.b3 e5 2.Bb2 Nc6 3.e3 Nf6 4.Bb5 e4 5.f3 a6 6.Bxc6 dxc6 7.Nc3 Bf5 8.f4 h5
9.Qe2 Qd7 10.Qf1 O-O-O 11.O-O-O h4 12.Nge2 Bc5 13.h3 Kb8 14.Qf2 Qe7 15.Kb1 Rd7
16.g4 hxg3 17.Nxg3 Qe6 18.Nxf5 Qxf5 19.Qg2 Rhd8 20.Qxg7 Rxd2 21.Rxd2 Rxd2
22.Qg5 Qxg5 23.fxg5 Nh5 24.Nxe4 Rd5 25.h4 Bxe3 26.Nf6 Nxf6 27.Bxf6 Kc8 28.h5 Bxg5
29.Bg7 f5 30.h6 Bxh6 31.Bxh6 c5 32.Bf4 Rd4 33.Rh8+ Kd7 34.Rh7+ Ke6 35.Bxc7 f4
36.Kc1 Kf5 37.Bb6 Rd5 38.c4 Re5 39.Rh5+ Ke4 40.Rxe5+ Kxe5 41.Bxc5  1-0

[Event "Titled Tue 11th Feb Early"]
[Site "chess.com INT"]
[Date "2025.02.11"]
[Round "7"]
[White "Sarana,A"]
[Black "Nakamura,Hi"]
[Result "0-1"]
[WhiteElo "2672"]
[BlackElo "2802"]

1.d4 c5 2.d5 e5 3.Nc3 d6 4.e4 a6 5.a4 g6 6.Nf3 Bg4 7.h3 Bxf3 8.Qxf3 Bh6 9.Bxh6 Nxh6
10.Qe3 Ng8 11.a5 Nd7 12.Bd3 h5 13.h4 Nh6 14.f3 Kf8 15.Qg5 Qc7 16.b3 Kg7 17.Nd1 f6
18.Qd2 Raf8 19.Ne3 f5 20.exf5 gxf5 21.Nxf5+ Nxf5 22.Qg5+ Kf7 23.Bxf5 Nf6
24.Qg6+ Ke7 25.Qg7+ Kd8 26.Qxc7+ Kxc7 27.Be6 Ne8 28.Ra4 Kd8 29.Kf2 Nc7 30.Bh3 Nb5
31.Re4 Ke7 32.Rhe1 Nc3 33.Rc4 Nxd5 34.g3 Nb4 35.f4 Kd8 36.Kg2 exf4 37.gxf4 Re8
38.Rxe8+ Rxe8 39.Kf2 Rf8 40.Bg2 Kc7 41.Bf3 d5 42.Rxc5+ Kd6 43.Rc3 Rxf4 44.Rc8 Rxh4
45.Kg3 Rd4 46.c3 h4+ 47.Kf2 Rd2+ 48.Ke1 Rc2 49.Kd1 Rf2 50.Be2 Nc6 51.b4 h3
52.Rh8 h2 53.Ke1 Rg2 54.Bf3 Rc2 55.Rh6+ Ke5 56.Rh5+ Kf4 57.Bxd5 Ne5 58.Kd1 Rf2
59.Bxb7 Nf3 60.Bxa6 Rd2+ 61.Kc1 Rg2 62.Bb7 Rg1+ 63.Kb2 Rg2+ 64.Ka3 Rc2 65.Bxf3 Kxf3
66.Kb3 Rg2 67.a6 Kg4 68.Rh8 Rg1 69.Rg8+ Kf5 70.Rh8 h1=Q 71.Rxh1 Rxh1 72.a7 Ra1
73.b5 Rxa7 74.Kc4 Ke6 75.Kc5 Kd7 76.Kb6 Rc7 77.c4 Rxc4 78.Kb7 Rb4 79.b6 Rb1  0-1

[Event "Titled Tue 11th Feb Early"]
[Site "chess.com INT"]
[Date "2025.02.11"]
[Round "8"]
[White "Nakamura,Hi"]
[Black "Carlsen,M"]
[Result "1/2-1/2"]
[WhiteElo "2802"]
[BlackElo "2833"]

1.e4 e5 2.Nf3 Nc6 3.Bb5 a6 4.Ba4 Nf6 5.O-O Be7 6.Re1 b5 7.Bb3 O-O 8.c3 d5
9.exd5 Nxd5 10.Nxe5 Nxe5 11.Rxe5 Bb7 12.d4 Bf6 13.Re1 Re8 14.Rxe8+ Qxe8 15.Bxd5 Bxd5
16.Nd2 b4 17.c4 Be6 18.d5 Bf5 19.Nf1 Qe4 20.Ng3 Qd3 21.Qb3 Qxb3 22.axb3 Bc2
23.Nh5 Bd4 24.Be3 Bxe3 25.fxe3 Bxb3 26.Rc1 a5 27.Nf4 a4 28.Nd3 a3 29.bxa3 bxa3
30.Nc5 Rb8 31.Ra1 Bxc4 32.Rxa3 Bxd5 33.e4 Bc6 34.Ra7 Rc8 35.Na6 Bxe4 36.Rxc7 Ra8
37.Nc5 Bf5 38.Nb3 g6 39.Rc1 Kg7 40.Re1 Rd8 41.Kf2 g5 42.Re2 Kf6 43.Rd2 Rb8
44.Nd4 Be4 45.Re2 Bd5 46.Rd2 Ra8 47.Nc6 Be6 48.Nd4 h5 49.Nxe6 fxe6 50.Rb2 Kf5
51.h3 h4 52.Rb3 Ra2+ 53.Kf3 e5 54.Rb4 Ra3+ 55.Kf2 e4 56.Rb8 Ra2+ 57.Ke3 Ra3+
58.Kf2 Rg3 59.Rf8+ Ke5 60.Re8+ Kd4 61.Rd8+ Ke5 62.Re8+ Kf4 63.Rf8+ Ke5 64.Re8+  1/2-1/2

[Event "Titled Tue 11th Feb Early"]
[Site "chess.com INT"]
[Date "2025.02.11"]
[Round "9"]
[White "Nakamura,Hi"]
[Black "Kilic,Eray"]
[Result "1-0"]
[WhiteElo "2802"]
[BlackElo "2459"]

1.d4 Nf6 2.Bg5 d5 3.e3 c5 4.c3 Nc6 5.Nd2 e6 6.Bd3 Be7 7.f4 b6 8.Ngf3 Bb7
9.Qe2 h6 10.Bxf6 Bxf6 11.Ne5 O-O 12.O-O Bxe5 13.fxe5 f5 14.exf6 Rxf6 15.Rxf6 Qxf6
16.Rf1 Qe7 17.Qf3 a5 18.Bg6 Ba6 19.Rf2 Rd8 20.h4 Bb7 21.Bc2 e5 22.Qf5 e4
23.Nxe4 Nxd4 24.Nf6+ gxf6 25.exd4 Kh8 26.Qg6 Qg7 27.Rxf6 cxd4 28.Qxh6+ Qxh6
29.Rxh6+ Kg8 30.Rxb6 d3 31.Bxd3  1-0

[Event "Titled Tue 11th Feb Early"]
[Site "chess.com INT"]
[Date "2025.02.11"]
[Round "10"]
[White "Indjic,A"]
[Black "Nakamura,Hi"]
[Result "1-0"]
[WhiteElo "2650"]
[BlackElo "2802"]

1.d4 c5 2.d5 e5 3.e4 d6 4.Nc3 Nf6 5.Bb5+ Bd7 6.Bd3 Na6 7.Nf3 Nc7 8.a4 a6
9.Qe2 Bg4 10.h3 Bxf3 11.Qxf3 Be7 12.Bd2 Nd7 13.Qg4 g6 14.h4 h5 15.Qg3 b5
16.b3 Rb8 17.a5 O-O 18.Nd1 Kh7 19.c4 bxc4 20.bxc4 Re8 21.Qf3 Kg7 22.g3 Rb3
23.Qe2 Nf6 24.Bc2 Rb8 25.f3 Kh7 26.Nf2 Ng8 27.Nh3 Kg7 28.Kf2 Qc8 29.Kg2 Nf6
30.Qe3 Rh8 31.Rhb1 Nd7 32.Ba4 Rxb1 33.Rxb1 Ne8 34.Qb3 Nef6 35.Qb7 Qd8 36.Qxa6 Qc7
37.Rb7 Qc8 38.Qa7 Rd8 39.a6 Nxe4 40.fxe4 Bxh4 41.gxh4 Nf6 42.Rxf7+ Kh8 43.Nf2 Qg4+
44.Nxg4  1-0

[Event "Titled Tue 11th Feb Early"]
[Site "chess.com INT"]
[Date "2025.02.11"]
[Round "11"]
[White "Oparin,G"]
[Black "Nakamura,Hi"]
[Result "0-1"]
[WhiteElo "2660"]
[BlackElo "2802"]

1.e4 g6 2.d4 c6 3.Nf3 d5 4.Nc3 Bg4 5.Be2 e6 6.O-O Bxf3 7.Bxf3 Bg7 8.Ne2 Nd7
9.c3 Ne7 10.g3 O-O 11.Bg2 a5 12.e5 c5 13.f4 a4 14.g4 cxd4 15.cxd4 Qb6 16.Rb1 f5
17.h3 Nc6 18.Be3 Qa6 19.gxf5 Rxf5 20.h4 Rf7 21.Ng3 Ne7 22.Rc1 Qb6 23.Rf2 Raf8
24.Bh3 Ra8 25.h5 Nf8 26.hxg6 hxg6 27.Rg2 a3 28.b3 Rc8 29.Rxc8 Nxc8 30.Qc1 Ne7
31.Qxa3 Nc6 32.Qb2 Rc7 33.Rc2 Kf7 34.Kf2 Nb4 35.Rxc7+ Qxc7 36.Bf1 Nd7 37.a3 Nc2
38.Qc1 Qc6 39.Bb5 Qxb5 40.Qxc2 Bf8 41.a4 Qb6 42.Nf1 Be7 43.Nd2 Nb8 44.Nf3 Nc6
45.Kg3 Kg7 46.Nh2 Nxd4 47.Bxd4 Qxd4 48.Nf3 Qb6 49.Qc8 Kf7 50.Qh8 Qxb3 51.Qh7+ Ke8
52.Qxg6+ Kd7 53.f5 exf5 54.Qxf5+ Kd8 55.Qe6 Bb4 56.Kg2 Qc4 57.Qf6+ Kc8 58.Qf5+ Kb8
59.e6 Qe2+ 60.Kh3 Qf1+ 61.Kg4 Qg2+ 62.Kh5 Be7 63.Qxd5 Qg8 64.Qf5 Qd8 65.Ng5 Qd1+
66.Kg6 Qxa4 67.Qe5+ Ka8 68.Ne4 Qe8+ 69.Kf5 Qh5+ 70.Kf4 Qh2+ 71.Kf5 Qh5+ 72.Kf4 Qh6+
73.Kf5 Qh7+ 74.Kf4 Bd8 75.Kf3 Bc7 76.Qg5 Qh3+ 77.Ke2 Qxe6 78.Kd3 Qb3+ 79.Kd4 Bb6+
80.Ke5 Qb5+ 81.Kf4 Bc7+ 82.Kg4 Qe2+ 83.Kf5 Qf3+ 84.Ke6 Qxe4+ 85.Kd7 Qc6+
86.Kc8 Bb6+  0-1

[Event "Chessable Masters Winners"]
[Site "chess.com INT"]
[Date "2025.02.18"]
[Round "1.1"]
[White "Nakamura,Hi"]
[Black "Grischuk,A"]
[Result "1-0"]
[WhiteElo "2802"]
[BlackElo "2687"]

1.b3 d5 2.Bb2 Nf6 3.d3 c5 4.Nd2 Nc6 5.Ngf3 Qc7 6.e4 d4 7.c3 e5 8.cxd4 cxd4
9.Rc1 Bd6 10.Be2 O-O 11.O-O Qe7 12.Nc4 Be6 13.Nxd6 Qxd6 14.Qc2 Rfc8 15.Nd2 b5
16.Qb1 h6 17.Rc2 Nb4 18.Rxc8+ Rxc8 19.Rc1 Rxc1+ 20.Bxc1 Qc5 21.Ba3 a5 22.Nf3 Nd7
23.Ne1 Qc3 24.Bb2 Qc7 25.h4 Nc5 26.Ba3 Nba6 27.Bc1 b4 28.Bd2 Qd6 29.h5 Nc7
30.f4 exf4 31.Qc1 Nb5 32.Bxf4 Qb6 33.Bxh6 gxh6 34.Qxh6 Qd8 35.Nf3 Nc3 36.Bf1 Nd7
37.e5 Qf8 38.Qg5+ Kh8 39.Qf4 Qg7 40.Nxd4 Qxe5 41.Qh6+ Kg8 42.Nc6 Qc5+ 43.d4 Qxc6
44.Qg5+ Kf8 45.Qd8+ Kg7 46.Qg5+ Kf8 47.h6 Qe4 48.Qd8+  1-0

[Event "Chessable Masters Winners"]
[Site "chess.com INT"]
[Date "2025.02.18"]
[Round "1.3"]
[White "Nakamura,Hi"]
[Black "Grischuk,A"]
[Result "1/2-1/2"]
[WhiteElo "2802"]
[BlackElo "2687"]

1.b3 d5 2.Bb2 Nf6 3.Nf3 Bf5 4.Nh4 Bd7 5.g3 c5 6.Bg2 e6 7.O-O Nc6 8.Nf3 Bd6
9.d4 O-O 10.dxc5 Bxc5 11.Nbd2 Qe7 12.c4 d4 13.a3 e5 14.b4 Bd6 15.c5 Bc7 16.e3 dxe3
17.fxe3 Bf5 18.e4 Bg4 19.Qe1 Rad8 20.Nc4 b6 21.cxb6 Bxb6+ 22.Nxb6 axb6 23.Qe3 Bxf3
24.Bxf3 Nd4 25.Rad1 Nxf3+ 26.Qxf3 Rxd1 27.Rxd1 Qe6 28.Rf1 Re8 29.Qd3 h6 30.Kg2 Rc8
31.Rf5 Qc6 32.Bxe5 Nxe4 33.Kg1 Re8 34.Bb2 Ng5 35.Rd5 Qc8 36.h4 Nh3+ 37.Kf1 Qg4
38.Rd8 Rxd8 39.Qxd8+ Kh7 40.Qd3+ f5 41.Be5 b5 42.Kg2 Kg6 43.Qd6+ Kh7 44.Qd3 Kg6
45.Qd6+ Kh7 46.Qd3  1/2-1/2

[Event "Chessable Masters Winners"]
[Site "chess.com INT"]
[Date "2025.02.18"]
[Round "1.2"]
[White "Grischuk,A"]
[Black "Nakamura,Hi"]
[Result "0-1"]
[WhiteElo "2687"]
[BlackElo "2802"]

1.e4 e5 2.Nf3 Nc6 3.Bb5 Nge7 4.Nc3 Ng6 5.d3 a6 6.Bc4 Na5 7.h4 Nxc4 8.dxc4 h5
9.Bg5 f6 10.Be3 Bb4 11.Qd3 d6 12.O-O-O Bxc3 13.Qxc3 b6 14.Nd2 Be6 15.b3 Qe7
16.Kb2 b5 17.c5 d5 18.exd5 Bxd5 19.f3 Qe6 20.Qa5 Qc6 21.Nb1 Ne7 22.Nc3 O-O
23.a3 Be6 24.Rd2 Rfd8 25.Rhd1 Rxd2 26.Rxd2 Rb8 27.Na2 Nd5 28.Nb4 Nxb4 29.Qxb4 Ra8
30.Qa5 Bd5 31.Rd1 Be6 32.Rd2 Kh7 33.Rd1 Bf5 34.Rd2 Re8 35.Qb4 Ra8 36.Qa5 Rc8
37.Qb4 Qe6 38.Qa5 Bg6 39.Qb4 e4 40.f4 Qg4 41.c6 Be8 42.Qc5 Qe6 43.Rd5 Kg8
44.Qd4 Qxc6 45.Rc5 Qe6 46.f5 Qe7 47.Qd5+ Bf7 48.Qb7 Qd7 49.Qxa6 c6 50.Qb6 Bd5
51.Rc3 Qxf5 52.Bd4 Qf4 53.Qa7 Qxh4 54.Bf2 Qf4 55.Rg3 Qc7 56.Qc5 Qe5+ 57.Kb1 Rc7
58.Qb6 Rd7 59.Qa6 Be6  0-1

[Event "Chessable Masters Winners"]
[Site "chess.com INT"]
[Date "2025.02.18"]
[Round "2.2"]
[White "Nepomniachtchi,I"]
[Black "Nakamura,Hi"]
[Result "0-1"]
[WhiteElo "2754"]
[BlackElo "2802"]

1.e4 e5 2.Nf3 Nc6 3.Bc4 Nf6 4.d3 h6 5.c3 Bc5 6.b4 Be7 7.a4 O-O 8.O-O d6 9.a5 Be6
10.Bxe6 fxe6 11.Qb3 Qd7 12.h3 b6 13.Be3 d5 14.Nbd2 Bd6 15.axb6 axb6 16.b5 Na5
17.Qb1 Rae8 18.Re1 Qf7 19.Ra4 Qh5 20.Nf1 Nd7 21.Ng3 Qf7 22.Re2 Kh8 23.Qa2 Qg8
24.Nh2 Nb7 25.Ra7 Ra8 26.Rxa8 Rxa8 27.Qb1 Ra3 28.Ra2 Rxc3 29.Nf3 d4 30.Bc1 Ndc5
31.Ne1 Rb3 32.Rb2 Rxb2 33.Qxb2 Na5 34.Bd2 Nab3 35.Bb4 Qe8 36.Bxc5 Nxc5 37.h4 Qa8
38.Kh2 Be7 39.Nf3 Bf6 40.Nh5 Qe8 41.g4 Qg6 42.Kg3 Nxd3 43.Qe2 Nc5 44.Nd2 Be7
45.Qf3 Kg8 46.Qe2 Qf7 47.Kh3 Bd6 48.Nc4 d3 49.Qe3 g6 50.Ng3 Qf4 51.Qe1 Nb3
52.Qd1 Nc5 53.Qe1 Kg7 54.h5 g5 55.Kg2 Qxg4 56.Qa1 Qf4 57.Qa8 d2 58.Qa1 Nxe4
59.Nxd6 Qxf2+  0-1

[Event "Chessable Masters Winners"]
[Site "chess.com INT"]
[Date "2025.02.18"]
[Round "2.1"]
[White "Nakamura,Hi"]
[Black "Nepomniachtchi,I"]
[Result "1-0"]
[WhiteElo "2802"]
[BlackElo "2754"]

1.b3 d5 2.Bb2 Nf6 3.Nf3 Bf5 4.Nh4 Bd7 5.c4 e6 6.Nf3 c5 7.e3 Nc6 8.cxd5 exd5
9.Be2 Bd6 10.O-O O-O 11.d4 cxd4 12.Nxd4 Re8 13.Nd2 a6 14.Rc1 Qe7 15.Qc2 Rac8
16.Nxc6 Rxc6 17.Qb1 Rec8 18.Rxc6 Rxc6 19.Rd1 Be5 20.Bxe5 Qxe5 21.Nf3 Qc3
22.Nd4 Rc8 23.Bf3 a5 24.h3 g6 25.Ne2 Qe5 26.Qd3 b5 27.Qd2 b4 28.Bxd5 Bf5
29.Bc4 Ne4 30.Qd4 Qxd4 31.Nxd4 Rd8 32.Ra1 Bd7 33.a3 Nd2 34.axb4 Nxc4 35.bxc4 axb4
36.Rb1 Rb8 37.Kf1 Kf8 38.Ke2 Ke7 39.Kd3 Kd6 40.Ra1 Rb7 41.Kc2 h5 42.h4 Ke7
43.Kb3 f6 44.Ra6 Be8 45.g3 Bd7 46.c5 Be8 47.Re6+ Kf7 48.Rb6 Ra7 49.c6  1-0

[Event "Chessable Masters Winners"]
[Site "chess.com INT"]
[Date "2025.02.18"]
[Round "2.3"]
[White "Nakamura,Hi"]
[Black "Nepomniachtchi,I"]
[Result "1-0"]
[WhiteElo "2802"]
[BlackElo "2754"]

1.b3 e5 2.Bb2 Nc6 3.e3 g6 4.Nf3 Bg7 5.c4 Nge7 6.d4 d6 7.Be2 O-O 8.O-O e4
9.Nfd2 f5 10.Nc3 h5 11.f4 exf3 12.Nxf3 f4 13.e4 Bg4 14.Nd5 Qd7 15.Qd2 Nxd5
16.cxd5 Nd8 17.e5 c6 18.h3 Bxf3 19.Bxf3 dxe5 20.dxe5 Ne6 21.Rad1 Ng5 22.e6 Qe7
23.Bxg7 Kxg7 24.dxc6 bxc6 25.Qd7 Rae8 26.Bxc6 Kh6 27.Qxe7 Rxe7 28.Bd5 Nh7
29.Bc4 g5 30.Rd7 Rfe8 31.h4 Nf6 32.hxg5+ Kxg5 33.Rd4  1-0

[Event "Chessable Masters Winners"]
[Site "chess.com INT"]
[Date "2025.02.19"]
[Round "3.1"]
[White "Nakamura,Hi"]
[Black "Firouzja,Alireza"]
[Result "1-0"]
[WhiteElo "2802"]
[BlackElo "2760"]

1.b3 d5 2.Bb2 Nf6 3.Nf3 Bf5 4.Nh4 Bd7 5.c4 Nc6 6.cxd5 Nxd5 7.Nf3 Bf5 8.d3 Bg6
9.Nbd2 e5 10.g3 f6 11.Rc1 a5 12.a3 Be7 13.Bg2 O-O 14.Nh4 Bf7 15.Nf5 Bd6 16.Nc4 Ra6
17.O-O Qd7 18.Nfxd6 cxd6 19.d4 exd4 20.Bxd4 b5 21.Nb6 Nxb6 22.Rxc6 Rb8 23.Qd3 Be8
24.Rfc1 d5 25.Qxb5 Qb7 26.Rxb6 Rxb6 27.Qxd5+ Qxd5 28.Bxd5+ Bf7 29.Bxf7+ Kxf7
30.Bxb6 Rxb6 31.Rc7+ Kg6 32.Rc3 Rd6 33.a4 Rd1+ 34.Kg2 Rb1 35.Rc5 Rxb3 36.Rxa5 Ra3
37.g4 Kh6 38.h4 Kg6 39.e3 Kf7 40.h5 h6 41.Ra7+ Kg8 42.a5 Ra4 43.f4 Ra3 44.Kf3 Kf8
45.a6 Kg8 46.Ra8+ Kf7 47.a7  1-0

[Event "Chessable Masters Winners"]
[Site "chess.com INT"]
[Date "2025.02.19"]
[Round "3.4"]
[White "Firouzja,Alireza"]
[Black "Nakamura,Hi"]
[Result "1/2-1/2"]
[WhiteElo "2760"]
[BlackElo "2802"]

1.e4 e5 2.Nf3 Nc6 3.Bc4 Nf6 4.d3 h6 5.c3 Bc5 6.b4 Be7 7.Qb3 O-O 8.a4 d6 9.O-O Nb8
10.Qa2 c6 11.Bb3 a5 12.b5 Nbd7 13.Ba3 Nb6 14.Re1 Nh5 15.g3 Bh3 16.Kh1 Nf6
17.Ng1 Bg4 18.f4 cxb5 19.axb5 a4 20.Bd1 Bxd1 21.Rxd1 d5 22.fxe5 Ng4 23.d4 Ne3
24.Re1 Nec4 25.Bxe7 Qxe7 26.exd5 Qd7 27.d6 Qxb5 28.Qg2 a3 29.Nd2 Nxd2 30.Qxd2 Qc6+
31.Qg2 Qxc3 32.Ne2 Qd3 33.Rad1 Qc4 34.Rc1 Qd3 35.Rcd1 Qc4 36.Rc1 Qd3 37.Rcd1  1/2-1/2

[Event "Chessable Masters Winners"]
[Site "chess.com INT"]
[Date "2025.02.19"]
[Round "3.2"]
[White "Firouzja,Alireza"]
[Black "Nakamura,Hi"]
[Result "1-0"]
[WhiteElo "2760"]
[BlackElo "2802"]

1.e4 e5 2.Nf3 Nc6 3.Bc4 Nf6 4.d3 h6 5.c3 Bc5 6.b4 Be7 7.Qb3 O-O 8.a4 d6 9.Qa2 Nb8
10.O-O c6 11.Bb3 a5 12.b5 Nbd7 13.Ba3 Nh5 14.g3 Nb6 15.Re1 Bh3 16.Kh1 Nf6
17.Ng1 Bg4 18.f3 Bd7 19.c4 Be6 20.f4 g6 21.Rf1 exf4 22.gxf4 Bg4 23.Qg2 Bh5
24.h3 d5 25.c5 Nbd7 26.e5 Ne8 27.d4 Ng7 28.Bc2 f5 29.Nc3 Kh7 30.Nge2 Ne6
31.Bc1 Bh4 32.Be3 Rc8 33.Ng1 Rf7 34.Nf3 Be7 35.Bb3 Ndf8 36.Ne2 Nc7 37.Ng3 Bxf3
38.Rxf3 Bh4 39.Ne2 Nfe6 40.Rg1 Rg7 41.Nc3 Qd7 42.Bc2 Rf8 43.Bd3 Ra8 44.Qc2 Qf7
45.Rg2 Rf8 46.Rf1 Kh8 47.Ne2 Ra8 48.Ng1 Be7 49.Nf3 Qe8 50.h4 h5 51.Rfg1 Qf7
52.Rg3 Bd8 53.Qg2 Nf8 54.Qh3 Nce6 55.b6 Be7 56.Nd2 Kg8 57.Nb3 Kh8 58.Bd2 Bd8
59.R3g2 Qe7 60.Rh2 Qf7 61.Qg3 Kh7 62.Qf2 Kh8 63.Bc2 Kh7 64.Nxa5 Kh8 65.Ra1 Qe7
66.Nb3 Nd7 67.a5 Nb8 68.Bd3 Na6 69.Rg1 Qf7 70.Rhg2 Kh7 71.Qg3 Be7 72.Qh3 Kh8
73.Qg3 Kh7 74.Qf2 Kh8 75.Nc1 Kh7 76.Ne2 Kh8 77.Rc1 Kh7 78.Ng1 Kh8 79.Nf3 Kh7
80.Kh2 Kh8 81.Kh3 Kh7 82.Ne1 Kh8 83.Nc2 Kh7 84.Ra1 Rgg8 85.Bxa6 bxa6 86.Nb4 Nd8
87.Qe2 Ne6 88.Qd3 Qe8 89.Nxa6 Nxd4 90.Nc7 Qf8 91.Qxd4 Bxc5 92.Qd3 Bxb6 93.Nxa8 Qxa8
94.Rc1 Ba7 95.Qa3 d4 96.Qf3 Rc8 97.Be1 Qb7 98.Rgc2 Qb5 99.Rxc6 Rxc6 100.Qxc6 Qd3+
101.Kh2 Qe2+ 102.Qg2 Qa6 103.Rc7+  1-0